[Event "GER Seniors Derby 07th"]
[Site "Wesel Undeloh"]
[Date "2008.03.29"]
[Round "6.6"]
[White "Huesemann, Horst"]
[Black "Riedl, Maximilian"]
[Result "1-0"]
[WhiteElo "1767"]
[BlackElo "1892"]
[PlyCount "63"]
[EventDate "2008.03.27"]
[EventType "swiss"]
[EventRounds "7"]
[EventCountry "GER"]
[SourceTitle "EXT 2022"]
[Source "ChessBase"]
[SourceDate "2021.10.06"]
[SourceVersion "1"]
[SourceVersionDate "2021.10.06"]
[SourceQuality "1"]

1. e4 c5 2. d4 cxd4 3. c3 dxc3 4. Nxc3 a6 5. Bc4 e6 6. Nf3 Qc7 7. Qe2 Bb4 8. 0-0 Ne7 9. Rd1 Nbc6 10. Be3 Bxc3 11. bxc3 b5 12. Bb3 Bb7 13. Bc5 Ne5 14. Bd6 Nxf3+ 15. gxf3 Qb6 16. c4 Bc6 17. c5 Qd8 18. a4 f6 19. axb5 axb5 20. f4 Rxa1 21. Rxa1 Nc8 22. Rd1 Kf7 23. f5 Qe8 24. Rd4 g6 25. e5 Ne7 26. fxe6+ dxe6 27. Bxe7 Qxe7 28. Rd6 Bd5 29. exf6 Qa7 30. Bxd5 exd5 31. Qe6+ Kf8 32. Rd8# 1-0

[Event "GER Seniors Derby 07th"]
[Site "Wesel Undeloh"]
[Date "2008.03.28"]
[Round "3.10"]
[White "Huesemann, Horst"]
[Black "Moeller, Bernd"]
[Result "1-0"]
[WhiteElo "1767"]
[BlackElo "1589"]
[PlyCount "65"]
[EventDate "2008.03.27"]
[EventType "swiss"]
[EventRounds "7"]
[EventCountry "GER"]
[SourceTitle "EXT 2022"]
[Source "ChessBase"]
[SourceDate "2021.10.06"]
[SourceVersion "1"]
[SourceVersionDate "2021.10.06"]
[SourceQuality "1"]

1. e4 e5 2. Nc3 Nc6 3. f4 d6 4. Nf3 Nf6 5. Bc4 h6 6. d3 exf4 7. Bxf4 Be7 8. 0-0 0-0 9. a3 Be6 10. Nd5 a6 11. b4 Nd7 12. d4 Bf6 13. Nxf6+ Qxf6 14. Bxe6 fxe6 15. Be3 b5 16. Qd2 Ne7 17. Ne5 dxe5 18. Rxf6 Rxf6 19. Qc3 exd4 20. Bxd4 e5 21. Bxe5 Rc6 22. Qd4 Nxe5 23. Qxe5 Re8 24. Rf1 Rxc2 25. Qe6+ Kh8 26. Qf7 Rd8 27. Qxe7 Rdd2 28. Qf8+ Kh7 29. Qf5+ Kg8 30. Qf3 Rd6 31. e5 Rg6 32. e6 Rf6 33. Qa8+ 1-0

[Event "GER Seniors Derby 07th"]
[Site "Wesel Undeloh"]
[Date "2008.03.28"]
[Round "4.9"]
[White "Oppermann, Peter"]
[Black "Huesemann, Horst"]
[Result "1/2-1/2"]
[WhiteElo "1800"]
[BlackElo "1767"]
[PlyCount "65"]
[EventDate "2008.03.27"]
[EventType "swiss"]
[EventRounds "7"]
[EventCountry "GER"]
[SourceTitle "EXT 2022"]
[Source "ChessBase"]
[SourceDate "2021.10.06"]
[SourceVersion "1"]
[SourceVersionDate "2021.10.06"]
[SourceQuality "1"]

1. f4 d5 2. b3 Nc6 3. Bb2 Bf5 4. e3 Nf6 5. Nf3 e6 6. Bb5 a6 7. Bxc6+ bxc6 8. 0-0 c5 9. Ne5 Bd6 10. d3 Bxe5 11. fxe5 Nd7 12. Nd2 g5 13. g4 Bg6 14. Nf3 h5 15. h3 Qe7 16. c4 Nb6 17. Qe2 hxg4 18. hxg4 0-0-0 19. Rad1 Rh3 20. Kg2 Rdh8 21. Rh1 Rxh1 22. Rxh1 Rxh1 23. Kxh1 Qd8 24. Kg2 dxc4 25. dxc4 Be4 26. Kg3 Nd7 27. Nd2 Bb7 28. e4 Nf8 29. Nf3 Ng6 30. Qe3 Nf4 31. Nxg5 Qxg5 32. Qxf4 Qxf4+ 33. Kxf4 1/2-1/2